000 00710nam a2200241 i 4500
001 000046285
003 DO-SdBNP
005 20240305125107.0
007 ta
008 110303s2023 dr aa 000 0 spa d
040 _aDO-SdBNP
_bspa
_cBNPHU
_erda
082 _bA265
_222
100 1 _aFernández Spencer, Antonio,
_d1922-1995
_922525
245 1 0 _aAgenda de la mujer dominicana 2023 :
_bmujer y café
264 _aSanto Domingo :
_bVirtudes Alvarez,
_c2023.
300 _a1 volumen (sin paginar). ;
_c23 cm.
336 _2rdacontent
_atexto
_btxt
337 _2rdamedia
_asin mediación
_bn
338 _2rdacarrier
_avolumen
_bnc
590 _ainventariado, 2023 / DG
910 _aDG
942 _2ddc
_cLBS1
999 _c53546
_d53546